2 Plus 2 Composite Mathematics (Record no. 464)

MARC details
000 -LEADER
fixed length control field 00292nam a2200109 4500
008 - FIXED-LENGTH DATA ELEMENTS--GENERAL INFORMATION
fixed length control field 160622b xxu||||| |||| 00| 0 eng d
100 ## - MAIN ENTRY--PERSONAL NAME
9 (RLIN) 554
Personal name Arora, P, N
245 ## - TITLE STATEMENT
Title 2 Plus 2 Composite Mathematics
260 ## - PUBLICATION, DISTRIBUTION, ETC. (IMPRINT)
Place of publication, distribution, etc. N.D
Name of publisher, distributor, etc. Navdeep
Date of publication, distribution, etc. 1998
300 ## - PHYSICAL DESCRIPTION
Extent 2 Plus 2 Composite Mathematics
942 ## - ADDED ENTRY ELEMENTS (KOHA)
Source of classification or shelving scheme Dewey Decimal Classification
Koha item type BOOK
Holdings
Withdrawn status Lost status Source of classification or shelving scheme Damaged status Not for loan Home library Current library Shelving location Date acquired Total Checkouts Full call number Barcode Date last seen Price effective from Koha item type
    Dewey Decimal Classification     Good Samaritan School Library Good Samaritan School Library   06/22/2016   510 ARO526 06/22/2016 06/22/2016 BOOK

Powered by Koha